| 000 | 00619nam a2200205 a 4500 | ||
|---|---|---|---|
| 001 | BRCA_5795 | ||
| 005 | 20190320205222.0 | ||
| 008 | 100311s2010----mx-a######---#000-0#spa-# | ||
| 020 | _a9786074841596 | ||
| 041 | _aspa | ||
| 044 | _amx | ||
| 050 | 4 |
_aN910.M4 _b.O24 2010 |
|
| 245 | 1 | 0 |
_a80 [i.e. Ochenta] años, 80 obras _bMuseo de El Carmen. |
| 260 |
_aMéxico _bINAH _c2010 |
||
| 300 |
_a152 p. _bil. a color _c34 cm. |
||
| 500 | _aIncluye catálogo de obra | ||
| 500 | _a2do. ejemplar en el Área de Investigación | ||
| 610 | 2 | 4 |
_aMuseo de El Carmen _xColecciones de arte _zCiudad de México _914692 |
| 942 |
_2lcc _cB |
||
| 999 |
_c5484 _d5484 |
||